[Event "ICS rated blitz match"]
[Site "207.99.83.227"]
[Date "1999.05.16"]
[Round "?"]
[White "Hossa"]
[Black "mn3"]
[Result "1-0"]
[WhiteElo "2523"]
[BlackElo "2393"]
[PlyCount "161"]

1. e4 c5 2. Nc3 Nc6 3. Nf3 e6 4. Bb5 Nd4 5. O-O g6 6. Re1 Ne7 7. Nxd4 cxd4 8.
Ne2 Bg7 9. c3 dxc3 10. dxc3 O-O 11. Qd6 a6 12. Bd3 Nc6 13. Bf4 Re8 14. Rad1 Qe7
15. Qxe7 Nxe7 16. Bd6 Nc6 17. Rf1 Be5 18. Bc2 b5 19. f4 Bf6 20. Bb3 Bb7 21. e5
Bd8 22. Bc5 Na5 23. Rxd7 Rc8 24. Rfd1 Nxb3 25. axb3 Bd5 26. b4 Rc7 27. Rd6 Be7
28. Rxa6 Bxc5+ 29. bxc5 Rxc5 30. Nd4 Rb8 31. Ra5 Bc4 32. b3 Bd5 33. c4 Bc6 34.
Nxc6 Rxc6 35. Rxb5 Rxb5 36. cxb5 Rb6 37. Rb1 Rxb5 38. h4 Rb4 39. g3 Kf8 40. Kf2
Ke7 41. Ke3 Kd7 42. Kd3 Kc6 43. Kc3 Re4 44. Rd1 Re3+ 45. Rd3 Re1 46. Kd2 Rb1
47. Kc2 Rg1 48. Kb2 Kb5 49. Kc3 Kc5 50. Rf3 Rc1+ 51. Kb2 Re1 52. Rc3+ Kb4 53.
Rc4+ Kb5 54. Rc7 Kb4 55. Rb7+ Kc5 56. Rxf7 Re2+ 57. Ka3 Rg2 58. Rxh7 Rxg3 59.
Rd7 Rg4 60. Rd6 Rxh4 61. Rxe6 Rxf4 62. Rxg6 Rf8 63. Rg2 Kd5 64. Re2 Re8 65. e6
Re7 66. Ka4 Kc5 67. b4+ Kb6 68. Kb3 Kc6 69. Kc4 Kb6 70. b5 Rc7+ 71. Kd5 Re7 72.
Kd6 Re8 73. e7 Rh8 74. e8=Q Rxe8 75. Rxe8 Kxb5 76. Re4 Kb6 77. Re5 Kb7 78. Rb5+
Ka6 79. Kc6 Ka7 80. Kc7 Ka8 81. Ra5# {mn3 checkmated} 1-0

[Event "ICS Rated blitz match"]
[Site "207.99.83.227"]
[Date "1999.05.16"]
[Round "?"]
[White "Hossa"]
[Black "Baron-Rouge"]
[Result "1-0"]
[WhiteElo "2533"]
[BlackElo "2433"]
[PlyCount "103"]

1. e4 c5 2. Nf3 d6 3. d4 cxd4 4. Nxd4 Nf6 5. Nc3 Nc6 6. Be2 g6 7. Be3 Bg7 8. h3
O-O 9. Nxc6 bxc6 10. h4 Qa5 11. O-O Qb4 12. Qd3 Ng4 13. Rab1 Nxe3 14. Qxe3 Bd4
15. Qd3 Rb8 16. a3 Qc5 17. Na4 Qb5 18. Qxd4 Qxe2 19. Qxa7 Rb7 20. Qd4 Qxc2 21.
Rfc1 c5 22. Rxc2 cxd4 23. Rd1 e5 24. b4 Bd7 25. Nb2 Ra8 26. Rd3 Bb5 27. Rf3
Rba7 28. Rf6 Rxa3 29. Rxd6 Ra1+ 30. Kh2 Re8 31. f4 exf4 32. Rxd4 Re1 33. Rf2
R1xe4 34. Rxf4 Rxf4 35. Rxf4 Bc6 36. Nd3 Re2 37. Nf2 Kg7 38. Kh3 h6 39. Rc4 Bd5
40. Rc5 Be6+ 41. Kg3 Re3+ 42. Kf4 Rb3 43. Rb5 g5+ 44. hxg5 hxg5+ 45. Rxg5+ Kf6
46. Ne4+ Ke7 47. Rb5 Kf8 48. g4 Bc4 49. Rb8+ Kg7 50. g5 Bd3 51. Nf6 Rb1 52.
Rg8# {Baron-Rouge checkmated} 1-0

[Event "ICS rated blitz match"]
[Site "207.99.83.227"]
[Date "1999.05.16"]
[Round "?"]
[White "neuromante"]
[Black "Hossa"]
[Result "0-1"]
[WhiteElo "2201"]
[BlackElo "2545"]
[PlyCount "26"]

1. e4 e5 2. Nf3 Nf6 3. Nxe5 Qe7 4. Nf3 Nxe4 5. Be2 Qd8 6. O-O Be7 7. d4 O-O 8.
Bd3 Nf6 9. Nc3 d5 10. Re1 Nc6 11. h3 Nb4 12. Ne5 Nxd3 13. Qd2 13... Nxe1 {
neuromante resigns} 0-1

[Event "ICS rated blitz match"]
[Site "207.99.83.227"]
[Date "1999.05.16"]
[Round "?"]
[White "Hossa"]
[Black "sergor"]
[Result "0-1"]
[WhiteElo "2556"]
[BlackElo "2313"]
[Annotator "Crafty v16.6"]
[PlyCount "133"]

{annotating for player ossa using a scoring margin of +0.20 pawns. search time
limit is 1:00} 1. e4 1... c5 2. Nc3 Nc6 3. Nf3 e5 4. Bb5 d6 5. O-O g6 6. d3 h6
7. Nd2 ({9:+0.06} 7. Nd2 7... Nf6 8. Nc4 Bd7 9. f4 Nd4 10. fxe5 dxe5 11. Bxd7+
Nxd7 12. Nd5 12... Qh4 $10) ({9:+0.32} 7. a3 7... Nge7 8. b4 cxb4 9. axb4 Bg7
10. Bxc6+ Nxc6 11. b5 Na5 12. d4 Bg4 13. dxe5 13... Bxe5 $14) 7... Bg7 8. f4 ({
10:-0.10} 8. f4 8... exf4 9. Rxf4 Bd4+ 10. Kh1 Nf6 11. Nd5 Be6 12. Nxf6+ Bxf6
13. Nc4 $10) ({10:+0.27} 8. Nc4 8... Nge7 9. f4 Be6 10. fxe5 dxe5 11. Be3 b6
12. Qd2 a6 13. Ba4 $10) 8... Nge7 9. fxe5 dxe5 10. Nb3 O-O 11. Be3 b6 12. Qd2
Kh7 13. Rf2 ({10:-0.11} 13. Rf2 13... Be6 14. Raf1 Nd4 15. Bc4 Qd6 16. Nb5 Nxb5
17. Bxb5 a6 18. Ba4 $10) ({10:+0.20} 13. Bc4 13... f5 14. Rae1 f4 15. Bf2 Bg4
16. Nd5 Qd6 17. Bh4 17... Kh8 $10) 13... Be6 14. Raf1 Nd4 15. Ba6 f5 16. Qd1 ({
8:-0.36} 16. Qd1 16... f4 17. Bd2 Kg8 18. Nb5 Qd7 19. N5xd4 cxd4 20. c4 $15) ({
8:+0.01} 16. g3 16... Rb8 17. Nc1 Qd7 18. a3 Rf7 19. exf5 Nexf5 20. Ne4 Nxe3
21. Qxe3 Rxf2 22. Rxf2 $10) 16... f4 17. Bd2 Qe8 18. Nxd4 cxd4 19. Nb5 Qd7 20.
Bb4 Rg8 21. c4 Nc6 22. Bd6 Bf8 23. Bc7 Be7 24. Bb7 a6 25. Bxa8 Rxa8 26. Bxb6 ({
11:-1.17} 26. Bxb6 26... axb5 27. cxb5 Nb8 28. a4 Qd6 29. a5 Nd7 30. g3 Nxb6
31. axb6 31... Bh3 $17) ({11:-0.72} 26. Qa4 26... Bc5 27. Kh1 Qc8 28. Nxd4 Bd7
29. Ne6 Nb4 30. Qd1 Bxe6 31. Bxe5 Bxf2 32. Rxf2 $17) 26... axb5 27. cxb5 Nb4
28. a4 Qb7 29. a5 ({11:-1.04} 29. a5 29... Qd7 30. Qa4 Nxd3 31. Rd2 Nc5 32.
Bxc5 Bxc5 33. b4 Bb6 34. Qd1 34... Bg4 $17) ({11:-0.71} 29. Bxd4 29... Rd8 30.
Bxe5 Nxd3 31. Rd2 Qxe4 32. Bc7 Qe3+ 33. Kh1 Nxb2 34. Bxd8 Nxd1 35. Rfxd1 Bxd8
36. Rxd8 $17) 29... Kg7 30. Qe2 ({11:-1.51} 30. Qe2 30... Qd7 31. Rc1 Qxb5 32.
Rc7 Kf8 33. g3 Qxd3 34. gxf4 Qxe2 35. Rxe2 35... exf4 $19) ({11:-0.63} 30. Rd2
30... Bd7 31. g3 fxg3 32. Qb3 Rf8 33. Rxf8 Bxf8 34. Qc4 gxh2+ 35. Kxh2 Bd6 36.
Rf2 36... Bg4 $15) 30... Bd7 31. Rc1 Rc8 32. Rd1 Bxb5 33. Qf3 Qa6 34. Rfd2 Bc5
35. Bxc5 Rxc5 36. g3 g5 37. gxf4 exf4 38. Qf2 Qd6 39. Qe2 Ba6 40. Ra1 Nc6 41.
Rf1 Rxa5 42. Qd1 Ne5 43. Rff2 Rb5 44. h4 Rb8 45. hxg5 hxg5 46. Qc2 Rf8 47. Qd1
g4 48. Qf1 f3 49. Rd1 Qf6 50. Rc2 Rf7 51. b4 Qh6 52. Qf2 Qe3 53. Kh1 Qxf2 54.
Rxf2 Bxd3 55. Rg1 Be2 56. b5 Bxb5 57. Rb2 Be2 58. Rc2 d3 59. Ra2 Kf6 60. Rc1
Kg5 61. Kh2 Kf4 62. Kg1 g3 63. Rf1 Bxf1 64. Kxf1 Rc7 65. Ke1 Rc2 66. Rxc2 dxc2
67. Kd2 0-1

[Event "ICS rated blitz match"]
[Site "207.99.83.227"]
[Date "1999.05.16"]
[Round "?"]
[White "inmortal"]
[Black "Hossa"]
[Result "0-1"]
[WhiteElo "2358"]
[BlackElo "2530"]
[PlyCount "74"]

1. e4 e5 2. Nf3 Nf6 3. Nc3 Bb4 4. Bc4 d6 5. O-O Be6 6. Bxe6 fxe6 7. d3 O-O 8.
Bd2 Nc6 9. h3 Qd7 10. Ne2 Rae8 11. Bxb4 Nxb4 12. c3 Nc6 13. Ng3 Qf7 14. Qe2 Qg6
15. Rae1 a5 16. a4 Nd7 17. Nh2 Nc5 18. Qd1 d5 19. Ng4 d4 20. Ne2 Rd8 21. c4 h5
22. Nh2 Nb4 23. Nc1 Rf6 24. Re2 Qg5 25. Rd2 Rdf8 26. Kh1 Nxa4 27. Nf3 Rxf3 28.
gxf3 Qf4 29. Rg1 Nc5 30. Rg3 a4 31. Kg2 Nb3 32. Nxb3 axb3 33. Re2 h4 34. Rg4
Qxf3+ 35. Kh2 Nxd3 36. Rd2 Qxd1 37. Rxd1 37... Nxf2 {inmortal resigns} 0-1

[Event "ICS rated blitz match"]
[Site "207.99.83.227"]
[Date "1999.05.16"]
[Round "?"]
[White "Hossa"]
[Black "inmortal"]
[Result "1-0"]
[WhiteElo "2539"]
[BlackElo "2332"]
[PlyCount "79"]

1. e4 e5 2. f4 d5 3. exd5 e4 4. Nc3 Nf6 5. Bb5+ c6 6. dxc6 bxc6 7. Ba4 Bc5 8.
Nge2 O-O 9. Bb3 a5 10. a3 Ba6 11. Na4 Ba7 12. Nac3 Re8 13. h3 Nbd7 14. a4 Nc5
15. Ba2 Qd6 16. g3 Rad8 17. Rh2 Nd3+ 18. cxd3 exd3 19. Qb3 Rd7 20. Bb1 dxe2 21.
Rg2 Qd4 22. Bf5 Rde7 23. h4 c5 24. Nb5 Bxb5 25. axb5 c4 26. Qf3 Bb6 27. Bc2 h5
28. Ra4 Qc5 29. f5 Qxb5 30. Ra3 Ng4 31. f6 Nxf6 32. Ba4 Qc5 33. Bxe8 Rxe8 34.
Re3 Rxe3 35. dxe3 Qb4+ 36. Kxe2 Ng4 37. Qa8+ Kh7 38. Qd5 Qb3 39. Qxh5+ Kg8 40.
Qxg4 {inmortal resigns} 1-0

[Event "ICS rated blitz match"]
[Site "207.99.83.227"]
[Date "1999.05.16"]
[Round "?"]
[White "razzle"]
[Black "Hossa"]
[Result "1-0"]
[WhiteElo "2718"]
[BlackElo "2546"]
[Annotator "Crafty v16.6"]
[PlyCount "90"]

{annotating for player ossa using a scoring margin of +0.20 pawns. search time
limit is 1:00} 1. d4 1... Nf6 2. c4 d6 3. Nc3 Nbd7 4. e4 e5 5. Nf3 Be7 6. Be2
O-O 7. O-O c5 ({10:-0.48} 7... c5 8. d5 Nb6 9. Qd3 Bg4 10. Be3 Qd7 11. Rad1
Rad8 12. Ng5 $14) ({10:-0.11} 7... exd4 8. Nxd4 Nc5 9. Bf3 Ncd7 10. Nf5 Ne5 11.
Nxe7+ Qxe7 12. Be2 Bg4 13. Nd5 Nxd5 14. Bxg4 Nxg4 15. Qxd5 $10) 8. dxe5 dxe5 ({
11:-0.70} 8... dxe5 9. Qd3 Qc7 10. Bg5 Qd8 11. Rad1 Re8 12. Nb5 a6 13. Nc3
13... Ng4 $14) ({11:-0.41} 8... Nxe5 9. Nxe5 dxe5 10. Qxd8 Bxd8 11. Be3 b6 12.
f3 Nh5 13. Nd5 Bh4 14. Rad1 14... Rd8 $14) 9. Qd3 Ng4 10. Nd5 a5 11. Rd1 Rb8 ({
10:-1.44} 11... Rb8 12. Bd2 Ra8 13. h3 Nh6 14. Bxh6 gxh6 15. Rd2 Ra6 16. Rad1
Rg6 17. Nxe7+ 17... Qxe7 $16) ({10:-1.09} 11... Ra6 12. Nxe7+ Qxe7 13. Bg5 Qe6
14. Nh4 h6 15. Bd2 Ndf6 16. Nf5 Rb6 17. Bc3 $16) 12. Bd2 b6 13. h3 Ngf6 14. Bc3
Nxd5 15. Qxd5 Qc7 ({11:-1.51} 15... Qc7 16. Nxe5 Nf6 17. Qc6 Rb7 18. Bf3 Be6
19. Qxc7 Rxc7 20. Rd2 Re8 21. Rad1 $18) ({11:-1.22} 15... Qe8 16. Nxe5 Nf6 17.
Qd3 Bb7 18. Bf3 Rd8 19. Qe3 Bd6 20. Qf4 20... Qe6 $16) 16. Nxe5 Nf6 17. Qc6 Qb7
18. Bf3 Be6 19. Qxb7 Rxb7 20. Nc6 Ne8 21. b3 Bh4 22. Nd8 Re7 23. Nxe6 fxe6 ({
12:-2.10} 23... fxe6 24. Rd3 Ref7 25. a4 Bf6 26. e5 Bh4 27. Rf1 Rf4 28. Rfd1
28... Bg5 $18) ({12:-1.85} 23... Rxe6 24. e5 Re7 25. Rd3 Nc7 26. Rad1 Ne6 27.
g3 Bg5 28. Rd6 28... Rb8 $18) 24. Rd3 a4 ({11:-2.69} 24... a4 25. bxa4 Ra7 26.
Rb1 Rxa4 27. g3 Bd8 28. Rxd8 Rxf3 29. Rxb6 29... Kf7 $18) ({11:-2.10} 24...
Ref7 25. Rad1 Bg5 26. a3 g6 27. Bg4 Ng7 28. f3 Bf6 29. e5 29... Bh4 $18) 25.
bxa4 Ra7 26. Rb1 Rxa4 27. Rxb6 Rxa2 ({11:-3.19} 27... Rxa2 28. g3 Bd8 29. Rxe6
Nc7 30. Red6 Bg5 31. e5 Rf7 32. e6 32... Re7 $18) ({11:-2.95} 27... Rxc4 28.
Rxe6 Nc7 29. Rb6 Bf6 30. e5 Rd8 31. Rxd8+ Bxd8 32. Rb3 Kf7 33. Bh5+ Ke6 34.
Rb6+ 34... Kd5 $18) 28. g3 Be7 29. Rxe6 Kf7 ({11:-3.63} 29... Kf7 30. Rb6 Kg8
31. e5 Kh8 32. Rb7 Bg5 33. Rbd7 Rf5 34. e6 34... Nf6 $18) ({11:-3.42} 29... Rf7
30. e5 Kf8 31. Rb6 Bg5 32. Rb2 Rfa7 33. Rxa2 Rxa2 34. Be4 h5 35. Rd7 $18) 30.
Rb6 g6 ({10:-5.29} 30... g6 31. Rb7 Ra3 32. e5 Ng7 33. Bd5+ Ke8 34. Bc6+ Kf7
35. e6+ Nxe6 36. Rxe7+ Kxe7 37. Rd7+ Ke8 38. Ra7+ Kd8 39. Rxa3 39... Nd4 $18) (
{10:-3.87} 30... Kg8 31. e5 Bg5 32. Rb5 Be7 33. Rb7 Bg5 34. Bd5+ Kh8 35. f4
35... Bd8 $18) 31. e5 Ra7 32. Bd5+ Kg7 33. Bb7 Ra3 34. Bc6 Ra7 35. f4 Nc7 36.
e6+ Kh6 37. Rd7 Ra3 38. Be5 Rxg3+ 39. Kh2 Re3 40. Rxe7 Nxe6 41. Rbb7 Nxf4 42.
Bg7+ Kg5 43. Rxe3 Rf5 44. Rg3+ Kh5 45. Bf3+ Kh4 1-0

[Event "ICS rated blitz match"]
[Site "207.99.83.227"]
[Date "1999.05.16"]
[Round "?"]
[White "Hossa"]
[Black "SuperChicken"]
[Result "0-1"]
[WhiteElo "2537"]
[BlackElo "2822"]
[Annotator "Crafty v16.6"]
[PlyCount "83"]

{annotating for player ossa using a scoring margin of +0.20 pawns. search time
limit is 1:00} 1. e4 1... e5 2. f4 exf4 3. Nf3 g5 4. Bc4 ({10:-1.28} 4. Bc4
4... g4 5. Bxf7+ Kxf7 6. Ne5+ Ke8 7. Qxg4 Nf6 8. Qxf4 d6 9. Rf1 dxe5 10. Qxf6
Qxf6 11. Rxf6 $17) ({10:-0.72} 4. h3 4... Nf6 5. Nxg5 h6 6. Nf3 Nxe4 7. Nc3 Ng3
8. Rg1 8... Bb4 $17) 4... Bg7 5. h3 Qe7 6. Qe2 Nc6 7. Nc3 Qc5 8. Bb3 ({9:-0.53
} 8. Bb3 8... Nd4 9. Nxd4 Bxd4 10. h4 Nf6 11. hxg5 Qxg5 12. Bxf7+ Kxf7 13. Qc4+
Ke8 14. Qxd4 14... Qxg2 $15) ({9:-0.31} 8. e5 8... Nh6 9. Ne4 Qe7 10. Nfxg5 Nd4
11. Qd1 Qxe5 12. Rf1 $15) 8... Nd4 9. Nxd4 Bxd4 10. Nd5 h6 11. c3 Bf6 12. d4 ({
9:+0.21} 12. d4 12... Qc6 13. Qh5 Rh7 14. Ba4 Qd6 15. Bd2 c6 16. Nb4 $10) ({
9:+0.44} 12. h4 12... Kd8 13. d4 Qf8 14. Bd2 Bg7 15. hxg5 hxg5 16. Rxh8 Bxh8
17. O-O-O $14) 12... Qc6 13. Ba4 ({9:+0.20} 13. Ba4 13... Qd6 14. Nxf6+ Qxf6
15. Bd2 Qe6 16. Bb3 Qe7 17. O-O-O Nf6 18. e5 $10) ({9:+0.96} 13. h4 13... Bd8
14. hxg5 Bxg5 15. Bxf4 Bxf4 16. Nxf4 Nf6 17. Nd5 Qd6 18. Nxf6+ Qxf6 19. O-O-O
$16) 13... Qd6 14. Nxf6+ Qxf6 15. O-O ({10:-0.74} 15. O-O 15... Ne7 16. b4 Kd8
17. Qb5 Re8 18. Bb2 Qe6 19. Bb3 19... Qf6 $17) ({10:+0.22} 15. Bd2 15... Ne7
16. O-O-O c6 17. Rhe1 b5 18. e5 Qe6 19. Bb3 19... Nd5 $10) 15... Ne7 16. Bd2 b6
17. e5 Qf5 18. Rac1 ({9:-0.91} 18. Rac1 18... Bb7 19. c4 Be4 20. Qg4 Qxg4 21.
hxg4 c5 22. Rce1 22... Bd3 $17) ({9:-0.62} 18. Rae1 18... c6 19. Bb3 a5 20. Qe4
Ba6 21. c4 Qe6 22. Rc1 $15) 18... Bb7 19. Bc2 Qe6 20. Bb3 d5 21. Qb5+ ({9:-1.01
} 21. Qb5+ 21... c6 22. Qd3 a5 23. c4 Ba6 24. Rf3 dxc4 25. Bxc4 Bxc4 26. Qxc4
26... h5 $17) ({9:-0.77} 21. c4 21... O-O-O 22. Bb4 dxc4 23. Qxc4 Qxc4 24. Bxc4
Nf5 25. Bxf7 Ne3 26. Be6+ Kb8 27. Be7 27... Rxd4 $17) 21... c6 22. Qa4 Nf5 23.
Rce1 a5 24. Bd1 Ng3 25. Rf2 ({11:-2.14} 25. Rf2 25... Ne4 26. Bg4 Qg6 27. Rfe2
Ba6 28. c4 Nxd2 29. Rxd2 Bxc4 30. e6 b5 31. exf7+ 31... Kxf7 $19) ({11:-1.26} 
25. Rf3 25... Ne4 26. Bc1 b5 27. Qa3 h5 28. Bc2 g4 29. Rxf4 gxh3 30. Bxe4 dxe4
31. Rexe4 hxg2 32. Kxg2 $17) 25... Ne4 26. Bg4 Qg6 27. Rfe2 h5 28. Bf3 Nxd2 29.
Rxd2 g4 30. hxg4 ({11:-3.27} 30. hxg4 30... hxg4 31. Bxd5 b5 32. Bxf7+ Qxf7 33.
Qb3 Qd7 34. Qc2 Qe6 35. Qe4 Qf7 36. Kf1 $19) ({11:-2.83} 30. Bxd5 30... b5 31.
Qb3 cxd5 32. Qxb5+ Bc6 33. Qc5 Qe6 34. hxg4 hxg4 35. Rf1 g3 36. Rxf4 $19) 30...
hxg4 31. Bxd5 b5 32. Qb3 cxd5 33. Qxb5+ Bc6 34. Qe2 g3 35. Qd3 Qh5 36. Kf1 Bd7
37. e6 fxe6 38. Re5 Qh1+ 39. Ke2 Qxg2+ 40. Kd1 Qh1+ 41. Kc2 Qh7 42. Qxh7 0-1

[Event "ICS rated blitz match"]
[Site "207.99.83.227"]
[Date "1999.05.16"]
[Round "?"]
[White "Chemberlen"]
[Black "Hossa"]
[Result "0-1"]
[WhiteElo "2341"]
[BlackElo "2532"]
[PlyCount "50"]

1. d4 Nf6 2. c4 d6 3. Nc3 Nbd7 4. e4 e5 5. Nf3 Be7 6. Be2 O-O 7. O-O c5 8. dxe5
dxe5 9. Qc2 Ng4 10. Nd5 a5 11. Nd2 Ndf6 12. h3 Nxd5 13. cxd5 Nf6 14. a4 Nd7 15.
Bb5 f5 16. exf5 Nb6 17. Ne4 Bxf5 18. Rd1 Qc7 19. Be3 Rad8 20. Rac1 Nxd5 21. Bc4
Qc6 22. Qd3 Be6 23. Qb3 Kh8 24. Ng5 Nxe3 25. Rxd8 25... Qxg2# {
Chemberlen checkmated} 0-1

[Event "ICS rated blitz match"]
[Site "207.99.83.227"]
[Date "1999.05.16"]
[Round "?"]
[White "Hossa"]
[Black "tol4511"]
[Result "0-1"]
[WhiteElo "2540"]
[BlackElo "2161"]
[Annotator "Crafty v16.6"]
[PlyCount "117"]

{annotating for player ossa using a scoring margin of +0.20 pawns. search time
limit is 1:00} 1. e4 1... d5 2. exd5 Qxd5 3. Nc3 Qa5 4. Nf3 Nf6 5. Be2 c6 6.
O-O e5 7. d4 exd4 8. Qxd4 Be7 9. Bd2 O-O 10. Bc4 Qb6 11. Qxb6 axb6 12. Rfe1 Bc5
13. Bg5 Nbd7 14. Rad1 Bb4 15. Bd2 Re8 16. Rxe8+ Nxe8 17. Bb3 h6 18. Nd5 ({
10:+0.11} 18. Nd5 18... Bxd2 19. Ne7+ Kf8 20. Nxc8 Rxc8 21. Nxd2 Rd8 22. Nc4
Ke7 23. Re1+ Kf6 24. Re4 $10) ({10:+0.46} 18. Ne4 18... Bxd2 19. Rxd2 Kf8 20.
Kf1 Ke7 21. Re2 Kf8 22. Nd4 Nc5 23. Bc4 $14) 18... Bd6 19. Re1 Kf8 20. Ne3 Bc5
21. Nc4 b5 22. Nce5 Nd6 23. Be3 ({10:+0.00} 23. Be3 23... Bxe3 24. Rxe3 c5 25.
Rd3 Ke7 26. Re3 26... Kf8 $10) ({10:+0.47} 23. Nd3 23... Bb6 24. Bf4 Nc4 25. h3
g5 26. Bg3 Na5 27. Bd6+ Kg7 28. Re7 Nxb3 29. axb3 $14) 23... Bxe3 24. fxe3 ({
11:-0.43} 24. fxe3 24... Nxe5 25. Nxe5 Ke7 26. a3 Be6 27. Rd1 Bxb3 28. cxb3 Ke6
29. Nf3 Ne4 30. Rd4 $15) ({11:-0.20} 24. Rxe3 24... c5 25. Nxd7+ Bxd7 26. Ne5
Bc6 27. Rd3 c4 28. Rxd6 cxb3 29. cxb3 Rxa2 30. Nd3 $10) 24... Nc5 25. Rd1 Ke7
26. a3 Nxb3 27. cxb3 Bf5 28. Nd4 Bh7 29. h4 c5 30. Ne2 Nf5 31. Rd5 b6 32. Nf4
Nxe3 33. Rd7+ Kf6 34. Nxf7 Bc2 35. b4 cxb4 36. axb4 Ra2 37. Nh5+ Kg6 38. Nf4+
Kf5 39. Rd4 Rxb2 40. Kh2 Ng4+ 41. Kh3 Nf2+ 42. Kh2 Be4 43. Nd5 Ng4+ 44. Kh3
Rb3+ 45. g3 Nf2+ 46. Kh2 Rb1 47. Rxe4 Nxe4 48. Nxb6 Rxb4 49. Kh3 Rd4 50. Nh8
Rd8 51. Nf7 Rd3 52. Nh8 Rxg3+ 53. Kh2 b4 54. Nc4 Rc3 55. Na5 b3 56. Nxb3 Rxb3
57. h5 Kg4 58. Ng6 Rb2+ 59. Kg1 0-1

[Event "ICS rated blitz match"]
[Site "207.99.83.227"]
[Date "1999.05.16"]
[Round "?"]
[White "Hossa"]
[Black "JudgeTurpin"]
[Result "1-0"]
[WhiteElo "2511"]
[BlackElo "2656"]
[PlyCount "97"]

1. e4 d6 2. d4 Nf6 3. Nc3 Nbd7 4. Nf3 e5 5. Be3 Be7 6. Qd3 exd4 7. Bxd4 O-O 8.
O-O-O Ng4 9. Nd5 Nc5 10. Bxc5 dxc5 11. Qe2 c6 12. Nf6+ Bxf6 13. Rxd8 Rxd8 14.
h3 Ne5 15. Nxe5 Bxe5 16. g3 Be6 17. h4 Bxa2 18. b3 Ba1 19. Qh5 b6 20. Ba6 Rab8
21. Rd1 g6 22. Rxd8+ Rxd8 23. Qg5 Re8 24. f3 Bg7 25. Qd2 Rf8 26. Qd6 b5 27.
Qxc5 h5 28. Qxc6 Be5 29. f4 Bd4 30. Qxb5 Bf2 31. Qg5 Re8 32. Bc4 Kg7 33. e5 Rf8
34. Qf6+ Kh6 35. Bxf7 Rxf7 36. Qxf7 Bxb3 37. Qxb3 Kg7 38. Qb7+ Kg8 39. e6 Be3+
40. Kd1 Bc5 41. Qc8+ Kg7 42. Qxc5 Kf6 43. Qe5+ Ke7 44. Qd5 Kf8 45. Qd8+ Kg7 46.
Qc7+ Kg8 47. Qf7+ Kh8 48. e7 a5 49. e8=Q# {JudgeTurpin checkmated} 1-0

[Event "ICS rated blitz match"]
[Site "207.99.83.227"]
[Date "1999.05.16"]
[Round "?"]
[White "Hossa"]
[Black "JudgeTurpin"]
[Result "1/2-1/2"]
[WhiteElo "2538"]
[BlackElo "2629"]
[PlyCount "135"]

1. e4 c5 2. Nc3 Nc6 3. Nf3 e5 4. Bb5 d6 5. O-O a6 6. Bxc6+ bxc6 7. d3 Bg4 8.
Rb1 Be7 9. b4 cxb4 10. Rxb4 Qa5 11. Rb3 Be6 12. Ra3 Qc7 13. Ng5 Bxg5 14. Bxg5
h6 15. Qh5 Qb6 16. Nb1 Qb2 17. c4 Rb8 18. h3 Bc8 19. Rd1 Rb7 20. Bh4 Ne7 21.
Rxa6 Qxb1 22. Bxe7 Kxe7 23. Rxc6 Bd7 24. Rxd6 Kxd6 25. Rxb1 Rxb1+ 26. Kh2 g6
27. Qf3 Be6 28. Qf6 Ra8 29. f4 exf4 30. d4 f3 31. Qxf3 Ke7 32. d5 Bd7 33. e5
Kf8 34. e6 Bxe6 35. dxe6 Ra7 36. Qf4 Rbb7 37. Qxh6+ Kg8 38. exf7+ Kxf7 39. a4
Rd7 40. c5 Rac7 41. a5 Rxc5 42. Qh7+ Ke6 43. Qxg6+ Kd5 44. g3 Rd6 45. Qf5+ Kc6
46. Qc8+ Kd5 47. Qg8+ Kd4 48. Qb3 Ra6 49. Qb4+ Kd5 50. Qb7+ Rcc6 51. Qb5+ Ke4
52. Qb4+ Kd5 53. h4 Rc5 54. Qb7+ Rcc6 55. Qb5+ Ke4 56. g4 Rc2+ 57. Kg3 Rc3+ 58.
Kg2 Rc2+ 59. Kg1 Rac6 60. Qf5+ Ke3 61. a6 Rc1+ 62. Kh2 R6c2+ 63. Kg3 Rg1+ 64.
Kh3 Rh1+ 65. Kg3 Rg1+ 66. Kh3 Rh1+ 67. Kg3 Rg1+ 68. Kh3 {
Game drawn by repetition} 1/2-1/2

[Event "ICS rated blitz match"]
[Site "207.99.83.227"]
[Date "1999.05.16"]
[Round "?"]
[White "Hossa"]
[Black "JudgeTurpin"]
[Result "0-1"]
[WhiteElo "2542"]
[BlackElo "2625"]
[Annotator "Crafty v16.6"]
[PlyCount "89"]

{annotating for player ossa using a scoring margin of +0.20 pawns. search time
limit is 1:00} 1. e4 1... e5 2. f4 exf4 3. Nf3 d5 4. Nc3 dxe4 5. Nxe4 Qe7 6.
Qe2 Bg4 7. d3 Bxf3 8. gxf3 Nc6 9. Bxf4 O-O-O 10. Bh3+ Kb8 11. O-O-O Nd4 12. Qe3
h6 13. c3 Ne6 14. Be5 ({9:-0.04} 14. Be5 14... Ng5 15. Nxg5 hxg5 16. Bg4 f6 17.
Bd4 Qxe3+ 18. Bxe3 Bd6 19. h3 19... Bf4 $10) ({9:+0.23} 14. Bg3 14... Nf6 15.
Nxf6 Qxf6 16. Be5 Qh4 17. Bg4 Qe7 18. Rhe1 18... Re8 $10) 14... Ng5 15. Nxg5
hxg5 16. Bg4 ({10:-0.55} 16. Bg4 16... g6 17. f4 gxf4 18. Bxf4 Qxe3+ 19. Bxe3
Bh6 20. Bxh6 Nxh6 21. Bf3 f5 22. Kd2 22... c5 $15) ({10:+0.00} 16. Bg2 $10)
16... Nh6 17. Rhe1 ({10:-0.82} 17. Rhe1 17... f6 18. Bd4 Qxe3+ 19. Bxe3 Nxg4
20. fxg4 Rxh2 21. Rd2 Rh4 22. Rg1 c5 23. Kc2 $17) ({10:-0.03} 17. Bd4 17...
Qxe3+ 18. Bxe3 Rd5 19. h3 f5 20. Bh5 f4 21. Bd4 c5 22. Bf2 22... Nf5 $10) 17...
f6 18. Bd4 Qxe3+ 19. Bxe3 Nxg4 20. fxg4 Rxh2 21. Rd2 Rh4 22. Rg2 Bd6 23. Bf2
Rh3 24. Kc2 b5 25. a4 bxa4 26. Ra1 a3 27. bxa3 a6 28. a4 Kc8 29. Rd1 Kd7 30.
Kb3 ({11:-1.43} 30. Kb3 30... Rb8+ 31. Kc2 Rf3 32. Ra1 Re8 33. Ba7 c5 34. Rb1
Ree3 35. Rb7+ Kc6 36. Rb6+ Kd5 37. Rxa6 37... Rxd3 $17) ({11:-1.21} 30. Re1
30... Rf3 31. d4 Rh8 32. Re4 g6 33. Re2 Rhh3 34. Be1 Re3 35. c4 $17) 30... Rb8+
31. Kc4 Rb2 32. d4 Ra2 33. Kb3 Ra3+ 34. Kb2 Rhxc3 35. Re1 Rab3+ 36. Ka1 Rc2 37.
Re4 Rbb2 38. Re3 Ra2+ 39. Kb1 Rcb2+ 40. Kc1 Bf4 41. Rh2 Bxe3+ 42. Bxe3 Rxh2 43.
Kb1 Rxa4 44. d5 Kd6 45. Bc1 0-1

[Event "ICS rated blitz match"]
[Site "207.99.83.227"]
[Date "1999.05.16"]
[Round "?"]
[White "Hossa"]
[Black "xypher"]
[Result "0-1"]
[WhiteElo "2540"]
[BlackElo "2816"]
[Annotator "Crafty v16.6"]
[PlyCount "37"]

{annotating for player ossa using a scoring margin of +0.20 pawns. search time
limit is 1:00} 1. e4 1... e5 2. f4 exf4 3. Nf3 g5 4. Bc4 ({10:-1.28} 4. Bc4
4... g4 5. Bxf7+ Kxf7 6. Ne5+ Ke8 7. Qxg4 Nf6 8. Qxf4 d6 9. Rf1 dxe5 10. Qxf6
Qxf6 11. Rxf6 $17) ({10:-0.72} 4. h3 4... Nf6 5. Nxg5 h6 6. Nf3 Nxe4 7. Nc3 Ng3
8. Rg1 8... Bb4 $17) 4... g4 5. Ne5 Qh4+ 6. Kf1 Nh6 7. h3 ({10:-3.03} 7. h3
7... d6 8. Nd3 gxh3 9. Kg1 Rg8 10. Qe2 Qf6 11. Rh2 hxg2 12. Rxg2 12... f3 $19)
({10:-1.37} 7. d4 7... d6 8. Nd3 f3 9. Nc3 fxg2+ 10. Kxg2 Qh3+ 11. Kg1 Bg7 12.
Nf2 Qh4 13. Bf4 $17) 7... d6 8. Nd3 gxh3 9. Qf3 Rg8 10. gxh3 ({10:-4.08} 10.
gxh3 10... Rg3 11. Qf2 Bxh3+ 12. Ke1 Ng4 13. Rxh3 Qxh3 14. Bxf7+ Kxf7 15. Qxf4+
Kg8 16. Kd1 $19) ({10:-2.80} 10. Rxh3 10... Bxh3 11. Qxh3 Qxh3 12. gxh3 Rg3 13.
Nc3 f3 14. Nd5 Kd8 15. Nf2 $19) 10... Rg3 11. Qf2 f3 12. Bb5+ c6 13. Nf4 ({
8:-8.02} 13. Nf4 13... Qxf4 14. Bd3 Bxh3+ 15. Rxh3 Rxh3 16. Ke1 Ng4 17. Qd4 $19
) ({8:-6.79} 13. Bxc6+ $19) 13... Qxf4 14. Qe3 ({10:-13.65} 14. Qe3 14... Qh4
15. Bc4 Bxh3+ 16. Rxh3 Rxh3 17. Qg1 Rh1 18. c3 Rxg1+ 19. Kxg1 Qe1+ 20. Kh2
20... Qxc1 $19) ({10:-9.20} 14. Nc3 14... Bxh3+ 15. Rxh3 Rxh3 16. Qg1 Qh4 17.
Nd5 Rh1 18. Nc7+ Ke7 19. Nxa8 Rxg1+ 20. Kxg1 Qg3+ 21. Kh1 21... cxb5 $19) 14...
Qh4 15. d4 Bxh3+ 16. Rxh3 Qxh3+ 17. Ke1 cxb5 18. Qf2 ({9:-20.63} 18. Qf2 18...
Qh1+ 19. Kd2 Rg2 20. Kc3 Rxf2 21. Bxh6 Bxh6 22. Kb4 Nc6+ 23. Kc3 Qe1+ 24. Kd3
$19) ({9:-16.95} 18. Nd2 18... Ng4 19. Nf1 f2+ 20. Qxf2 Nxf2 21. Nxg3 Qxg3 22.
Rb1 Qg1+ 23. Kd2 23... Nxe4+ $19) 18... Qh1+ 19. Kd2 0-1